[Event "European Blitz-ch 2018"]
[Site "Skopje"]
[Date "2018.12.06"]
[Round "4"]
[White "Videnova, Iva"]
[Black "Demchenko, Anton"]
[Result "0-1"]
[WhiteElo "2322"]
[BlackElo "2679"]
[Annotator "TA"]
[PlyCount "120"]
[EventDate "2018.12.06"]
[EventType "swiss"]
[EventCountry "MKD"]
[SourceTitle "playchess.com"]
[Source "ChessBase"]
[SourceQuality "1"]

{[%evp 27,120,0,0,0,0,0,0,0,0,-17,-15,-18,0,0,14,0,6,8,12,8,5,-8,-16,-19,-19,-19,-18,-15,-22,-25,-20,-26,-34,-37,-25,-27,-23,-73,-56,-62,-63,-66,-61,-77,-74,-81,-63,-71,0,0,0,0,0,0,0,0,0,0,0,0,0,-484,-484,-484,-484,-484,-479,-454,-408,-1545,-1628,-1402,-1347,-1099,-807,-1120,-1388,-29969,-29968,-29965,-29954,-29979,-29980,-29981,-29975,-29984,-29981,-29981,-29982,-29982,-29983,-29984,-29985,-29986,-29986]} 1. e4 c5 2. Nf3 Nc6 3. d4 cxd4 4. Nxd4 Nf6 5. Nc3 d6 6. Bg5 e6 7. Qd2 a6 8. O-O-O Be7 9. f4 Bd7 10. Kb1 b5 {B68: Sicilian: Richter-Rauzer: 7...a6 8 0-0-0 Bd7 9 f4 Be7} 11. Bxf6 Bxf6 12. Nxc6 Bxc6 13. Qxd6 Qxd6 14. Rxd6 Rc8 {LiveBook: 3 Games} 15. e5 (15. a4 Bxc3 16. bxc3 Bxe4 17. Rxa6 Rxc3 18. Bxb5+ {½-½ (26) Yu,Y (2705)-Salem,A (2586) Doha 2014}) 15... Be7 16. Rd2 g5 17. Bd3 $146 ({Predecessor:} 17. Ne2 Rg8 18. Nd4 gxf4 {½-½ (37) Penttila,T (1983)-Kosmo,S (2218) Stockholm 2003}) 17... gxf4 18. Rf2 Bc5 19. Rxf4 Bxg2 20. Re1 Rc7 21. Be4 Bxe4 22. Nxe4 Be7 23. Ref1 Rf8 24. c3 Rd7 25. Kc2 Rd5 26. Nf6+ Bxf6 $1 27. exf6 $11 {[%mdl 4096] Endgame KRR-KRR} Rg8 28. R1f2 Kd7 29. a4 Kd6 30. axb5 axb5 31. Rh4 h5 32. Rb4 Rg4 33. Kb3 Kc5 34. Rxg4 hxg4 $15 {KR-KR} 35. Rg2 Rg5 36. h4 Rg6 37. h5 Rxf6 (37... Rg8 $17) 38. Rxg4 $11 Rh6 39. Rh4 f5 40. Kc2 $1 e5 41. Kd3 Kd5 42. b3 Ke6 43. Ke3 Kf6 {White must now prevent ...f4+.} 44. Rb4 $2 {[%mdl 8192] [#]} (44. Rh1 $11 {and White has nothing to worry.}) 44... Rxh5 $19 45. Rxb5 Rh3+ 46. Kd2 e4 47. Rb8 Ke5 48. b4 (48. c4 $142 Rd3+ 49. Ke1) 48... Rh2+ 49. Kd1 f4 50. Re8+ Kd5 51. b5 f3 52. b6 Rb2 {Black mates.} 53. Rd8+ Ke5 54. Re8+ Kf4 55. Re6 Ke3 56. c4 Kd3 {[%cal Rb2b1]} 57. Kc1 Rc2+ 58. Kb1 Rxc4 59. Rd6+ Ke2 60. Ka2 f2 {Accuracy: White = 54%, Black = 80%.} 0-1

[Event "European Blitz-ch 2018"]
[Site "Skopje"]
[Date "2018.12.06"]
[Round "4"]
[White "Kutirov, Rolando"]
[Black "Georgiev, Kiril"]
[Result "0-1"]
[WhiteElo "2316"]
[BlackElo "2595"]
[Annotator "RC"]
[PlyCount "112"]
[EventDate "2018.12.06"]
[EventType "swiss"]
[EventCountry "MKD"]
[SourceTitle "playchess.com"]
[Source "ChessBase"]
[SourceQuality "1"]
[TimeControl "180+2"]

1. d4 {[%emt 0:00:00]} Nf6 {[%emt 0:00:00]} 2. Nf3 {[%emt 0:00:00]} e6 {[%emt 0:00:02]} 3. Bg5 {[%emt 0:00:01]} h6 {[%emt 0:00:02]} 4. Bh4 {[%emt 0:00:00]} d6 {[%emt 0:00:02]} 5. Nbd2 {[%emt 0:00:02]} g5 {[%emt 0:00:03]} 6. Bg3 {[%emt 0:00:01]} Nh5 {[%emt 0:00:01]} 7. e3 {[%emt 0:00:01]} Bg7 {[%emt 0:00:02]} 8. c3 {[%emt 0:00:24]} f5 {[%emt 0:00:11]} 9. Ng1 {[%emt 0:00:04]} Nxg3 {[%emt 0:00:03]} 10. hxg3 Qe7 {[%emt 0:00:08]} 11. Qh5+ {[%emt 0:00:04]} Qf7 {[%emt 0:00:02]} 12. Qxf7+ {[%emt 0:00:02]} Kxf7 {[%emt 0:00:01]} 13. Bc4 {[%emt 0:00:00]} Nd7 {[%emt 0:00:07]} 14. O-O-O {[%emt 0:00:02]} Nf6 {[%emt 0:00:03]} 15. f3 {[%emt 0:00:09]} d5 {[%emt 0:00:17]} 16. Bd3 {[%emt 0:00:02]} Bd7 {[%emt 0:00:04]} 17. Nh3 {[%emt 0:00:02]} Rac8 {[%emt 0:00:05]} 18. Kb1 {[%emt 0:00:04]} c5 {[%emt 0:00:01]} 19. Rhf1 {[%emt 0:00:02]} Ke7 {[%emt 0:00:10]} 20. Rde1 {[%emt 0:00:02]} b5 {[%emt 0:00:03]} 21. dxc5 {[%emt 0:00:04]} Rxc5 {[%emt 0:00:02]} 22. Nf2 {[%emt 0:00:06]} e5 {[%emt 0:00:23]} 23. Nb3 {[%emt 0:00:04]} Rc7 {[%emt 0:00:03]} 24. e4 {[%emt 0:00:08]} dxe4 {[%emt 0:00:04]} 25. fxe4 {[%emt 0:00:01]} f4 {[%emt 0:00:01]} 26. gxf4 {[%emt 0:00:03]} gxf4 {[%emt 0:00:13]} 27. Rg1 {[%emt 0:00:12]} Rf8 {[%emt 0:00:05]} 28. Be2 {[%emt 0:00:05]} Bc6 {[%emt 0:00:06]} 29. Bf3 {[%emt 0:00:02]} Ne8 {[%emt 0:00:18]} 30. Nd3 {[%emt 0:00:02]} Bf6 {[%emt 0:00:04]} 31. Nb4 {[%emt 0:00:01]} Nd6 {[%emt 0:00:07]} 32. Nd5+ {[%emt 0:00:17]} Bxd5 {[%emt 0:00:03]} 33. exd5 {[%emt 0:00:01]} Nc4 {[%emt 0:00:04]} 34. Nd4 {[%emt 0:00:10]} Rd7 {[%emt 0:00:06]} 35. Nf5+ {[%emt 0:00:08]} Kd8 {[%emt 0:00:03]} 36. Nxh6 {[%emt 0:00:02]} Nd2+ {[%emt 0:00:14]} 37. Kc2 {[%emt 0:00:01]} Nxf3 {[%emt 0:00:01]} 38. gxf3 {[%emt 0:00:01]} Rxd5 {[%emt 0:00:02]} 39. Rd1 {[%emt 0:00:02]} Rxd1 {[%emt 0:00:02]} 40. Rxd1+ {[%emt 0:01:48]} Ke7 {[%emt 0:00:02]} 41. Ng4 {[%emt 0:00:00]} Rh8 {[%emt 0:00:05]} 42. Rd5 {[%emt 0:00:00]} Ke6 {[%emt 0:00:03]} 43. Rxb5 {[%emt 0:00:00]} Rh3 {[%emt 0:00:01]} 44. Ra5 {[%emt 0:00:00]} Bh8 {[%emt 0:00:05]} 45. Rxa7 {[%emt 0:00:00]} Rxf3 {[%emt 0:00:05]} 46. Rh7 {[%emt 0:00:00]} Rg3 {[%emt 0:00:05]} 47. Nh2 {[%emt 0:00:00]} Bf6 {[%emt 0:00:05]} 48. a4 {[%emt 0:00:00]} Rg2+ {[%emt 0:00:04]} 49. Kd3 {[%emt 0:00:00]} Rxb2 {[%emt 0:00:03]} 50. Nf3 {[%emt 0:00:00]} Ra2 {[%emt 0:00:05]} 51. Ra7 {[%emt 0:00:00]} Kf5 {[%emt 0:00:06]} 52. Ra5 {[%emt 0:00:00]} Ra1 {[%emt 0:00:03]} 53. Nd4+ {[%emt 0:00:00]} Kg4 {[%emt 0:00:01]} 54. Nc6 {[%emt 0:00:00]} f3 {[%emt 0:00:03]} 55. Ke3 {[%emt 0:00:00]} Re1+ {[%emt 0:00:02]} 56. Kf2 {[%emt 0:00:00]} Bh4# {[%emt 0:00:01]} 0-1

[Event "European Blitz-ch 2018"]
[Site "Skopje"]
[Date "2018.12.06"]
[Round "4"]
[White "Putka, Verners"]
[Black "Delchev, Aleksander"]
[Result "1/2-1/2"]
[WhiteElo "2307"]
[BlackElo "2552"]
[Annotator "TA"]
[PlyCount "99"]
[EventDate "2018.12.06"]
[EventType "swiss"]
[EventCountry "MKD"]
[SourceTitle "playchess.com"]
[Source "ChessBase"]
[SourceQuality "1"]

{[%evp 13,99,-11,0,-14,1,-24,8,4,-6,-19,0,-27,-29,-133,-28,-27,-30,-39,-27,-28,-33,-38,-28,-53,-41,-46,-39,-64,-65,-78,-60,-72,-52,-43,-35,-38,-46,-46,0,-16,-6,-8,-8,-14,-19,-18,-17,-17,-17,-47,-16,-41,-17,-52,-52,-47,-45,-64,-21,-66,-63,-83,0,0,81,68,29979,29977,5625,257,29991,29969,5106,0,0,0,0,0,0,0,0,0,0,0,0,0,0,0]} 1. d4 Nf6 2. Nf3 e6 3. g3 d5 4. Bg2 b5 5. O-O Nbd7 6. Bg5 {A46: 1 d4 Nf6 2 Nf3 e6: Torre, London and Colle Systems} (6. Qd3 Rb8 7. Ne5 Nxe5 8. dxe5 Nd7 9. e4 Nxe5 10. Qd4 Bd6 11. exd5 O-O 12. Nc3 exd5 13. Nxd5 {½-½ (52) Mamedyarov,S (2799)-Oparin,G (2602) Moscow 2017}) 6... Be7 7. Nbd2 O-O {LiveBook: 9 Games} 8. Re1 Bb7 9. a4 a6 $146 ({Predecessor:} 9... b4 10. Nb3 c5 11. a5 a6 12. c3 bxc3 13. bxc3 {0-1 (43) Vogel,J (2202)-Meszaros,G (2255) Purley 2013}) 10. Nb3 c5 11. dxc5 Nxc5 12. Nxc5 Bxc5 13. Nd4 {[#]} (13. Ne5 $11) 13... h6 (13... e5 $1 $17 14. Nf3 Qb6) 14. Bxf6 $11 Qxf6 15. e3 b4 16. c4 bxc3 17. bxc3 Rac8 18. Qd3 Rc7 19. Rab1 Rfc8 20. Rb2 Bf8 21. Ne2 Qe7 22. Reb1 Bc6 23. Qxa6 Ra8 24. Qd3 Rxa4 25. Rb8 Rca7 26. h4 (26. Nd4 $5 {[%cal Rd4c6]} Bb7 27. Qd1 $14) 26... Ra1 27. Nd4 Bd7 28. Kh2 Rxb1 29. Qxb1 Rc7 30. Qb4 Rc8 {White must now prevent ...Qxb4.} 31. Rb7 {Threatens to win with Qxe7.} Qf6 32. Qb2 Be8 33. e4 dxe4 $1 34. Bxe4 h5 35. Qd2 Bc5 36. Kg2 Rd8 37. Qe2 g6 (37... Bxd4 $17 38. cxd4 Qxd4) 38. Nf3 $1 Qxc3 {[#]} (38... Bf8 $11) 39. Bxg6 $1 $16 {[%mdl 64] Deflection} fxg6 $2 {[%mdl 8192]} (39... Bd6 $14) 40. Qxe6+ Kh8 41. Ne5 $2 (41. Ng5 {[%csl Gg5][%cal Rb7h7]} Qg7 42. Rxg7 Kxg7 43. Ne4) 41... Bc6+ $2 (41... Bf8 $18 42. Qf6+ (42. Nxg6+ Bxg6 43. Qxg6 Bg7 $16) 42... Kg8) 42. Nxc6 Rf8 43. Qe5+ $2 (43. Ne5 $18 {[%cal Re5g6]} Rxf2+ 44. Kh3 Rh2+ {[%mdl 64] Decoy} 45. Kxh2 Qc2+ 46. Kh3 Qf5+ 47. Qxf5 gxf5 48. Rf7) 43... Qxe5 $11 {The position is equal.} 44. Nxe5 Rxf2+ {[%mdl 4096] Endgame KRB-KRN} 45. Kh3 Rf6 46. Nd7 Rc6 47. Ne5 Re6 48. Nf7+ Kg8 49. Ng5 Rf6 50. Rb3 {Accuracy: White = 37%, Black = 39%.} 1/2-1/2

[Event "European Blitz-ch 2018"]
[Site "Skopje"]
[Date "2018.12.06"]
[Round "4"]
[White "Musovic, Armin"]
[Black "Brkic, Ante"]
[Result "1-0"]
[WhiteElo "2301"]
[BlackElo "2563"]
[Annotator "TA"]
[PlyCount "84"]
[EventDate "2018.12.06"]
[EventType "swiss"]
[EventCountry "MKD"]

{[%evp 13,84,-8,-5,-16,-15,-55,-66,-68,-56,-112,-100,-119,-93,-95,-92,-110,-95,-132,-116,-160,-159,-156,-151,-141,-138,-267,-267,-270,-275,-270,-267,-315,-294,-335,-243,-348,-221,-211,-219,-238,-155,-252,-243,-318,-264,-314,-259,-565,-602,-580,-575,-580,-567,-585,-392,-1076,-1078,-1423,-1241,-1091,-1095,-29973,-29975,-29987,-29988,-29990,-820,-761,-761,-716,-715,-693,-689]} 1. a3 g6 2. Nc3 Bg7 3. e4 c5 4. Bc4 Nc6 5. d3 e6 (5... d6 6. h4 Nf6 7. Nge2 h5 8. Bg5 Nd4 9. Nxd4 cxd4 10. Nd5 Nxd5 11. Bxd5 {1-0 (62) Carlsen,M (2832)-Guseinov,G (2645) chess.com INT 2017}) 6. Nf3 {A00: Irregular Openings} Nge7 7. O-O O-O {LiveBook: 4 Games} 8. Bg5 {The position is equal.} h6 9. Bh4 g5 $146 ({Predecessor:} 9... a6 10. Qd2 g5 11. Bg3 d5 12. exd5 exd5 13. Ba2 Be6 {0-1 (34) Reyes Rodriguez,J-Rosario Morillo,A (1777) Santo Domingo 2016}) 10. Bg3 d5 11. exd5 (11. Ba2 $15) 11... exd5 $17 12. Ba2 f5 13. h3 f4 $36 {[%mdl 2048] Black is on the roll.} 14. Bh2 Be6 15. Re1 Qd7 16. Qe2 {[#]} Bf7 $1 17. Kh1 Nf5 {[%cal Be7f5,Bf5d4,Bd4f3][%mdl 32]} 18. Qd2 Nfd4 19. Qd1 (19. Nxd4 $17 Nxd4 20. Rab1) 19... Nxf3 $19 20. Qxf3 {[%cal Ra2d5]} Nd4 21. Qd1 Rae8 22. Rg1 Kh8 23. Rb1 Be6 24. b4 (24. f3 $142) 24... b6 25. bxc5 bxc5 26. Qd2 Rb8 27. Ne2 {[#]} (27. f3 $17) 27... Rxb1 $1 28. Rxb1 f3 {...fxg2+ is the strong threat.} 29. Nxd4 fxg2+ ({Stronger than} 29... cxd4 30. g4 $11) 30. Kxg2 $2 (30. Kg1 {was the crucial defense.} Bxd4 31. Rb8 Rxb8 32. Bxb8) 30... Bxh3+ (30... cxd4 $2 31. Kh1 $19) 31. Kh1 Bxd4 32. f4 Bg4 {( -> ...Bf3+)} 33. Rf1 Qf5 34. Qg2 $2 (34. c3 Be5 35. Qg2) 34... Bh3 {[%mdl 64] Skewer} 35. Qf3 Bxf1 36. Qxf1 gxf4 37. Qf3 Re8 38. Bxd5 Re3 39. Be4 Rxf3 (39... Qg5 $142 40. Qd1 Bc3 41. Qg1 Re1 42. Qxe1 Bxe1 43. c4 Qg4 44. a4 f3 45. Be5+ Kg8 46. Bd5+ Kf8 47. Bd6+ Kg7 48. Bxf3 Qxf3+ 49. Kh2 Qxd3 50. Bb8 Qxc4 51. Kg2 Qa2+ 52. Kf3 Qb3+ 53. Ke4 Qxb8 54. Kd5 Kf6 55. Kc4 Ke5 56. Kd3 Qb2 57. a5 Qd2+ {[%mdl 64] Double Attack} 58. Kc4 Qb4+ 59. Kd3 Qe4#) 40. Bxf5 {Black is clearly winning.} Rf1+ 41. Kg2 Rf2+ {[%mdl 64] Double Attack} 42. Kh3 f3 {[%mdl 32768] Accuracy: White = 25%, Black = 75%. . Loss on time!?} 1-0

[Event "European Blitz-ch 2018"]
[Site "Skopje"]
[Date "2018.12.06"]
[Round "4"]
[White "Bruned, Yvain"]
[Black "Stevic, Hrvoje"]
[Result "0-1"]
[WhiteElo "2286"]
[BlackElo "2587"]
[Annotator "TA"]
[PlyCount "76"]
[EventDate "2018.12.06"]
[EventType "swiss"]
[EventCountry "MKD"]

{[%evp 22,76,-6,-18,6,-17,15,0,14,22,21,18,21,25,27,0,9,9,11,1,12,0,10,0,10,10,21,27,51,51,62,62,63,60,63,63,68,61,59,0,0,0,0,0,0,0,15,-24,-33,-25,-18,-179,-176,-237,-237,-220,0]} 1. e4 e5 2. Nf3 Nc6 3. Bb5 a6 4. Bxc6 dxc6 5. Nc3 f6 6. d4 exd4 7. Qxd4 Qxd4 8. Nxd4 Bd7 9. Bf4 O-O-O 10. O-O-O Ne7 {[%cal Bg8e7,Be7g6,Bg6f4][%mdl 32]} 11. f3 {C68: Ruy Lopez: Exchange Variation, sidelines} (11. Bg3 h5 12. h4 Ng6 13. Rd2 Bb4 14. Nde2 Rde8 15. Rhd1 Be6 16. a3 Bc5 17. Nd4 Ne5 18. Nxe6 Rxe6 {½-½ (55) Stanojoski,Z (2493)-Georgiev,V (2574) Skopje 2011}) 11... Ng6 12. Bg3 {LiveBook: 3 Games} Bd6 13. Nde2 $146 {The position is equal.} ({Predecessor:} 13. Bxd6 cxd6 14. Nde2 Kc7 15. Rd2 Rhe8 16. Rhd1 Bc8 17. b3 Ne5 18. Nf4 g6 19. Nd3 {½-½ (19) Gufeld,E-Stein,L Kecskemet 1968}) 13... Be6 14. h4 {[%cal Bh2h4,Bh4h5][%mdl 32]} Bxg3 15. Nxg3 Nf4 16. Rhg1 Rxd1+ 17. Kxd1 c5 18. Nge2 Ng6 19. h5 Ne5 20. Nf4 Bf7 21. Rh1 Rd8+ 22. Kc1 b5 23. Ncd5 Nc6 24. Rd1 h6 25. Ne3 Ne7 26. Rxd8+ Kxd8 $14 {[%mdl 4096] Endgame KBN-KNN} 27. Nd3 c4 28. Nc5 a5 29. g4 a4 30. Nd1 ({Better is} 30. Kd2 $14) 30... c6 $11 {[%cal Bc7c6,Bc6c5][%mdl 32]} 31. b4 cxb3 32. cxb3 axb3 33. axb3 Kc7 34. Kb2 Kd6 35. Nd3 $1 c5 36. Kc3 $2 (36. Ne3 $11 {and White is okay.}) 36... Nc6 $19 {Black is clearly better.} 37. Ne3 {[#]} (37. f4 $142) 37... b4+ $1 38. Kb2 Ne7 $2 {[%mdl 32768] Accuracy: White = 46%, Black = 59%. . Loss on time!?} (38... Nd4 $19 39. Nc1 Nxf3 40. Nf5+ Ke5 41. Nxg7 Nd4 42. Nd3+ Kxe4 43. Nxc5+ Kf3) 0-1

[Event "European Blitz-ch 2018"]
[Site "Skopje"]
[Date "2018.12.06"]
[Round "4"]
[White "Nazaretyan, Tigran"]
[Black "Nenezic, Marko"]
[Result "0-1"]
[WhiteElo "2250"]
[BlackElo "2515"]
[Annotator "TA"]
[PlyCount "78"]
[EventDate "2018.12.06"]
[EventType "swiss"]
[EventCountry "MKD"]
[SourceTitle "playchess.com"]
[Source "ChessBase"]
[SourceQuality "1"]

{[%evp 23,78,35,42,68,49,0,8,-18,-27,-171,-178,-146,-43,-517,-494,-517,-513,-510,-509,-539,-535,-525,-497,-496,-485,-612,-598,-687,-666,-736,-745,-733,-730,-856,-876,-946,-920,-926,-891,-1115,-973,-1252,-1168,-1122,-983,-5156,-5156,-29991,-29992,-29992,-29993,-29993,-29994,-29995,-29996,-29996,-29997]} 1. d4 Nf6 2. c4 g6 3. Nc3 Bg7 4. e4 d6 5. Be2 O-O 6. Nf3 e5 7. O-O Nbd7 8. Be3 Qe7 9. Qc2 c6 10. Rad1 exd4 11. Nxd4 Re8 12. f3 {E94: King's Indian: Classical: 6 Be2 e5 7 0-0: Various Black 7th moves} a5 {LiveBook: 14 Games} (12... a6 13. Bf2 Ne5 14. Qd2 b5 15. Nc2 Be6 16. Qxd6 Qxd6 17. Rxd6 Nh5 18. cxb5 axb5 19. Be3 Bf8 {½-½ (35) Wojtaszek,R (2734)-Baklan,V (2594) Chartres 2017}) 13. b3 $146 ({Predecessor:} 13. Rfe1 Nc5 14. Bf1 a4 15. Qd2 Nfd7 16. Nc2 Be5 17. Bg5 Qf8 18. Bh6 Qe7 19. Bg5 Qf8 20. Bh6 Qe7 21. Bg5 {½-½ (21) Girya,O (2476)-Fedorov,A (2598) Minsk 2017}) 13... Nh5 14. Rd2 {White is slightly better.} Nc5 15. Rfd1 f5 16. Nxc6 (16. Bf2 $11 {and White is okay.}) 16... bxc6 $19 17. Rxd6 Na6 (17... Qe5 $17 {[%cal Rf5e4]} 18. Rxc6 Nxe4 19. fxe4 Qxc3 20. Qxc3 Bxc3) 18. Rxc6 $2 {[%mdl 8192]} (18. c5 $15) 18... Nb4 $1 {[%csl LRc2,LRc6][%mdl 64] [#] Double Attack} 19. Nd5 Nxc2 20. Nxe7+ Rxe7 21. Rd8+ Kf7 22. Bc5 Bb7 23. Rcd6 {If White can now play R6d7 this consolidates a bit.} Nf4 24. Bf1 Ne6 25. Rxa8 Bxa8 26. Bb6 fxe4 27. fxe4 Bxe4 28. Bxa5 Bd4+ 29. Kh1 Ne3 30. Rxd4 Nxd4 31. Bb4 Rb7 32. Bc5 Ndf5 33. Be2 Rd7 {( -> ...Rd2)} 34. Kg1 Rd2 {[%mdl 64] [#] Double Attack} 35. Kf2 Bd3 {Black mates.} 36. Bxe3 Rxe2+ {[%mdl 64] Double Attack} 37. Kf3 Rxe3+ 38. Kf4 Kf6 39. h4 h6 {Accuracy: White = 16%, Black = 68%.} 0-1

[Event "European Blitz-ch 2018"]
[Site "Skopje"]
[Date "2018.12.06"]
[Round "4"]
[White "Pogan, Nikolas"]
[Black "Jankovic, Alojzije"]
[Result "0-1"]
[WhiteElo "2228"]
[BlackElo "2557"]
[Annotator "TA"]
[PlyCount "60"]
[EventDate "2018.12.06"]
[EventType "swiss"]
[EventCountry "MKD"]
[SourceTitle "playchess.com"]
[Source "ChessBase"]
[SourceQuality "1"]

{[%evp 15,60,0,0,0,0,0,0,-30,-26,-33,0,0,0,0,0,0,0,-16,-30,-16,0,-21,-11,-47,-18,-48,-63,-46,-50,-91,-39,-37,-36,-95,-92,-197,-139,-142,-137,-229,-201,-343,-165,-729,-725,-815,-807]} 1. c4 d6 2. d4 Nf6 3. Nf3 g6 4. g3 c6 5. Bg2 Qa5+ 6. Nc3 {E60: King's Indian: Unusual lines and Fianchetto Variation without Nc3} Ne4 7. Qb3 Bg7 8. O-O Nxc3 {LiveBook: 5 Games} 9. Qxc3 $146 ({Predecessor:} 9. bxc3 O-O 10. Re1 Nd7 11. e4 Nb6 {1-0 (50) Castellanos Rodriguez,R (2491)-Jankovic,A (2591) Tallinn 2016}) 9... Qxc3 10. bxc3 Nd7 {[%cal Bb8d7,Bd7b6,Bb6c4][%mdl 32]} 11. a4 Nb6 12. Nd2 Be6 13. a5 Nxc4 14. a6 O-O-O 15. axb7+ Kxb7 16. Ra4 Nb6 17. Ra5 f5 18. Ba3 Bd5 19. f3 c5 20. e3 cxd4 21. cxd4 Rc8 22. Ra1 Rc2 (22... Bh6 $17 23. Nf1 Kb8) 23. Bb4 $15 Ra8 $36 {[%mdl 2048] Black is more active.} 24. Rb1 (24. Bf1 $15) 24... Rac8 25. h4 (25. Kf2 $17 {was necessary.}) 25... Rc1+ (25... Bh6 $19 26. Ra3 Ra2) 26. Rxc1 $17 Rxc1+ 27. Kh2 (27. Kf2 $17 {is a better defense.}) 27... Rc2 28. e4 (28. Ra3 $142) 28... Bf7 (28... fxe4 $142 29. fxe4 Bc6) 29. d5 $2 {[#]} (29. f4) 29... Rb2 $19 30. Rb5 Be8 {Accuracy: White = 23%, Black = 54%.} 0-1

[Event "European Blitz-ch 2018"]
[Site "Skopje"]
[Date "2018.12.06"]
[Round "4"]
[White "Uruci, Endrit"]
[Black "Kevlishvili, Robby"]
[Result "1-0"]
[WhiteElo "2190"]
[BlackElo "2451"]
[Annotator "TA"]
[PlyCount "97"]
[EventDate "2018.12.06"]
[EventType "swiss"]
[EventCountry "MKD"]
[SourceTitle "playchess.com"]
[Source "ChessBase"]
[SourceQuality "1"]

{[%evp 13,97,-12,-8,-35,-32,-25,-16,-25,3,1,-3,-37,-6,-5,-17,-6,0,-29,-32,-39,-35,-20,-36,-41,0,-11,-24,-20,0,-75,79,-82,-58,-58,-26,-27,63,70,77,0,0,0,5,2,43,25,22,34,41,22,145,0,338,293,352,333,532,505,523,522,495,420,822,807,804,802,728,726,1172,1171,1161,1147,1049,1070,1591,571,520,517,1008,981,750,707,688,643,5922,5858]} 1. e4 c5 2. Nf3 d6 3. c4 Nf6 4. Nc3 Bg4 (4... e5 5. a3 Nc6 6. Rb1 a5 7. b3 Be7 8. h3 O-O 9. d3 Ne8 10. Be2 f5 11. O-O Bd7 12. Nd5 {½-½ (36) Neagu,L (2555)-Noble,M (2574) ICCF email 2011}) 5. h3 Bxf3 6. Qxf3 {B50: Sicilian: 2...d6, Miscellaneous} Nc6 7. d3 g6 {LiveBook: 3 Games} 8. g4 {The position is equal.} Bg7 9. Bg2 $146 ({Predecessor:} 9. Be3 Nd7 10. Qd1 Qa5 11. Rc1 {0-1 (49) Reuss,A (2356)-Machelett,H (2401) Germany 2005}) 9... Nd7 10. O-O Nd4 11. Qd1 $1 Rb8 12. a4 a6 13. f4 b5 14. axb5 axb5 15. Kh1 bxc4 16. dxc4 O-O 17. Ra7 Nb6 18. Qd3 Nc6 19. Ra1 Nb4 20. Qe2 Ra8 21. Be3 (21. Rxa8 $11 Qxa8 22. e5) 21... Qd7 $2 (21... Rxa1 $1 $17 22. Rxa1 Nxc4 $1 {[%mdl 512]}) 22. Rfd1 $2 {[#]} (22. Rxa8 $1 $16 {stays on course.} Rxa8 23. e5) 22... Rxa1 $1 $17 23. Rxa1 Nc6 24. Nb5 Ra8 (24... g5 $11) 25. Rxa8+ $14 Nxa8 26. b3 (26. e5 $1 $16) 26... Nc7 $11 27. Qa2 Bf8 28. Qa4 Qd8 29. e5 dxe5 30. Nxc7 Qd1+ 31. Kh2 Nd4 {[#]} (31... exf4 $1 $11 {keeps the balance.} 32. Bxc5 (32. Bxf4 Nd4 $11) 32... Ne5) 32. fxe5 ({Better is} 32. Nd5 $1 $16 exf4 33. Nxf4) 32... Ne2 $2 {[%mdl 8192]} (32... Qe1 $1 $11 {and Black has nothing to worry.} 33. Bxd4 cxd4) 33. Qc6 (33. Bxc5 Qe1 $16) 33... Qxb3 34. Qf3 {And now e6 would win.} ({Less strong is} 34. Qxc5 e6 $18) ({Inferior is} 34. Bxc5 Qg3+ 35. Kh1 Qe1+ 36. Kh2 Qg3+ 37. Kh1 Qe1+ 38. Kh2 Qg3+ $11) 34... Nd4 (34... Qxc4 $142 35. e6 f6) 35. Bxd4 $18 Qxf3 36. Bxf3 cxd4 37. Nd5 e6 (37... Bg7 $142 38. Nxe7+ Kf8) 38. Nf6+ {White is clearly winning.} Kg7 39. Be4 Bb4 40. Kg3 Ba5 41. g5 Bd2 42. h4 Be1+ 43. Kg4 Bf2 44. Ne8+ (44. c5 $142 {c6 would kill now.} d3 45. c6) 44... Kf8 45. Nd6 Ke7 (45... d3 $142 46. Bxd3 Bd4) 46. c5 {[%cal Bc4c5,Bc5c6][%mdl 32]} d3 47. c6 {Strongly threatening c7.} d2 48. Bf3 {Intending c7 and mate.} Bb6 49. Nc8+ {[%mdl 64] Double Attack. Accuracy: White = 62%, Black = 33%.} 1-0